Estrellas en el pozo
Uloženo v:
| Hlavní autor: | |
|---|---|
| Médium: | Kniha |
| Jazyk: | Undetermined |
| Vydáno: |
San José, Costa Rica
Ediciones de Convivio
1934
|
| Témata: | |
| Tagy: |
Přidat tag
Žádné tagy, Buďte první, kdo vytvoří štítek k tomuto záznamu!
|
MARC
| LEADER | 00000nam a2200000Ia 4500 | ||
|---|---|---|---|
| 008 | 170316s9999 xx 000 0 und d | ||
| 040 | |a cru BVZT | ||
| 090 | |a 860 L-8e | ||
| 100 | |a Lars, Claudia | ||
| 245 | |a Estrellas en el pozo | ||
| 260 | |a San José, Costa Rica | ||
| 260 | |b Ediciones de Convivio | ||
| 260 | |c 1934 | ||
| 300 | |a 115 páginas | ||
| 650 | |a LITERATURA LATINOAMERICANA | ||
| 999 | |c 8895 |d 8895 | ||
| 942 | |c 15 D |h 860 L-8e |2 z | ||
